Normal view
MARC view
- تاليف مازور، ىدام ، م.مشارك سوفير، ميجال
Entry Personal Name
001 - CONTROL NUMBER
- control field: 39895
003 - CONTROL NUMBER IDENTIFIER
- control field: JO-AjAnu
005 - DATE AND TIME OF LATEST TRANSACTION
- control field: 20230606080630.0
008 - FIXED-LENGTH DATA ELEMENTS
- fixed length control field: 230606|| aca||aabn | a|a d
040 ## - CATALOGING SOURCE
- Original cataloging agency: JO-AjAnu
- Transcribing agency: JO-AjAnu
100 ## - HEADING--PERSONAL NAME
- Personal name: تاليف مازور، ىدام ، م.مشارك سوفير، ميجال
670 ## - SOURCE DATA FOUND
- Source citation: Work cat.: (JO-AjAnu)20455: تاليف مازور، ىدام ، م.مشارك سوفير، ميجال, author, اسرائيل 2020 الخطة الشاملة لاسرائيل في سنوات الألفين: صورة المستقبل مخطط لتنظيم المجال القومي